The Dharmic challenge : (Record no. 138983)

MARC details
000 -LEADER
fixed length control field 00686nam a22001937a 4500
005 - DATE AND TIME OF LATEST TRANSACTION
control field 20230317151037.0
010 ## - LCCN (DPL NO)
LC control number ENG-117846
020 ## - INTERNATIONAL STANDARD BOOK NUMBER
International Standard Book Number 9789350692356
Terms of availability 60.00
035 ## - SYSTEM CONTROL NUMBER
System control number EN-101378
037 ## - SOURCE OF ACQUISITION
Source of stock number/acquisition DBAD/PUB
082 ## - DEWEY DECIMAL CLASSIFICATION NUMBER
Classification number 230.51
245 ## - TITLE STATEMENT
Title The Dharmic challenge :
Statement of responsibility, etc Edited by Judy Warner
Remainder of title putting sathya Sai Baba's teachings into practice/
260 ## - PUBLICATION, DISTRIBUTION, ETC. (IMPRINT)
Place of publication, distribution, etc Andhra Pradesh
Name of publisher, distributor, etc Sri Sathya Sai Sadhna Trust Publications Division
Date of publication, distribution, etc 2016
270 ## - ADDRESS
Address Prasanthi Nilayam,Anantpur Nilayam
City Andhra Pradesh
Postal code 515134
300 ## - PHYSICAL DESCRIPTION
Extent vi,,160p. :
Dimensions 22cm(pbk)
Other physical details ill.
500 ## - GENERAL NOTE
General note Includes bibliographical references
700 ## - ADDED ENTRY--PERSONAL NAME
Personal name Warner,Judy
942 ## - ADDED ENTRY ELEMENTS (KOHA)
Source of classification or shelving scheme Dewey Decimal Classification
Item type English Books
Call number suffix THE
Classification part 230.51
Holdings
Withdrawn status Lost status Not for loan Collection code Home library Current library Date acquired Source of acquisition Cost, normal purchase price Full call number Barcode Copy number Cost, replacement price Koha item type
      Non-fiction Katevara Katevara 18/04/2017 DBAD/PUB 60.00 230.51 THE EN-101378 1 60.00 English Books

© Delhi Public Library
Hit Counter
free hit counter